000 00312nam a22001457a 4500
003 SGT
082 _a612.015
_bD14S
100 _aSHARMA, P.V
245 _aDRAVYAGUNA- VIJNANA
260 _aVARANASI
_bCHAUKHAMBHA PUB
_c2014
300 _a392
650 _aDRAVYAGUNA
653 _aDRAVYAGUNA
942 _2ddc
_cBK
_02
999 _c8314
_d8314